000 02326nam a2200433 i 4500
003 DO-SdBNP
005 20250407100627.0
007 ta
008 210407b2019 dr ||||| |||| 00| 0 eng d
020 _a9789945613155
040 4 _aDO-SdBNP
_bspa
_cBNPHU
_erda
041 _aspa
082 4 _a025.3414
_bA673n 2019
_222
245 0 0 _aNorma Dominicana de Descripción Archivística (NORDA) /
_ccomisión técnica para elaboración de la NORDA ; Ángel Hernández, Marisol Mesa León Olga Pedierro, José Vilchez, Teodoro Viola, Orquídea Correa, Althusser Jerez, Grismeldis Pérez, Yanira Berroam Teany Villalona, Vielka Roa.
264 4 _aSanto Domingo :
_bArchivo General de la Nación ,
_c©2019.
300 _a203 páginas :
_bilustraciones, cuadros ;
_c23 cm.
336 _atexto
_btxt
_2rdacontent
337 _asin mediación
_bn
_2rdamedia
338 _avolumen
_bnc
_2rdacarrier
490 0 _aArchivo General de la Nación ;
_v174
500 _aIncluye referencias bibliográficas y notas al pie de las páginas
504 _aBibliografía : páginas 125-128
505 _a1 - Prólogo --
_t2 - Introducción --
_t3 - Objetivs de la Norma Dominicana de Descripción Archivística (NORDA) --
_t4 - Ámbito de aplicación --
_t5 - Objetivos de la descripción archivística--
_t6 - Reglas de descripción multinivel --
_t7 - Definición de niveles de descripción --
_t8 - Áreas y elementos de la descripción --
_t9 - Puntos de acceso --
_t10 - Formatos para instrumentos de descripción --
_t11 - Formato para referencia bibliográfica y cita para documentos de archivo --
_t12 - Glosario --
_t13 - Bibliografía --
_t14 - Anexos.
590 _aInventariado, 2021 / SA
650 4 _aArchivos
_xProcesamiento de datos
_980562
650 4 _aAdministración de archivos
_zRepública Dominicana
_980563
700 1 _aHernández, Ángel
_911092
700 1 _aMesa León, Marisol
_920101
700 1 _aPedierro, José Vilchez
_980831
700 1 _aViola, Teodoro
_980832
700 1 _aCorrea, Orquídea
_980833
700 1 _aJerez, Althusser
_980834
700 _aPérez, Grismeldis
_980835
700 1 _aBerroa, Yanira
_980836
700 1 _aRoa, Vielka
_980837
710 2 _aArchivo General de la Nación (República Dominicana)
_985400
910 _aValidado. Control de calidad MFF
942 _2ddc
_cLBS1
999 _c49709
_d49709